000 00236nam a2200097Ia 4500
001 1037861
005 20250826231832.0
008 250824s9999 xx 000 0 und d
245 0 _aKENDİNİ BULMAK
_cİHSAN FAZLIOĞLU
260 _bKETEBE
999 _c1037861
_d1037861